000 00869cab a22002295a 4500
001 L159018
008 151209e20151411xxk 000 0 eng d
035 _a(Sirsi) u159018
041 0 _aeng
100 1 _aHumphreys, Emma
245 0 4 _aThe art of negotiation
260 _c2015
490 _aEstates Gazette
_v(1545) 14 November 2015, 90-92(3)
520 _aAsks whether art should be catered for specifically in a lease. Looks at two cases in this area including, "The Creative Foundation v Dreamland Leisure", and "London Borough of Tower Hamlets v Bromley London Borough Council"
590 _aKA
650 2 4 _aThe Creative Foundation v Dreamland Leisure
650 2 4 _aLondon Borough of Tower Hamlets v Bromley London Borough Council
651 4 _aUnited Kingdom
690 _aLandlord and tenant
_96252
690 _aLeasing/Letting
_96253
942 _n0
999 _c84773
_d84773